000 00713nam a2200205Ii 4500
003 JO-AjNU
008 230605s9999||||xx |||||||||||||| ||und||
040 _aJO-AjNU
_bara
_erda
_cJO-AjNU
041 _aara
050 1 4 _aDS247.T58 S24 2000
100 3 _aتاليف الصايغ، فاطمة,
_eauthor
_914448
245 0 0 _aالإمارات العربية المتحدة من القبيلة الى الدولة
250 _aط1
264 3 1 _aالعين: دار الكتاب الجامعي، 2000
300 _a317ص
336 _atext
_btxt
_2rdacontent
337 _aunmediated
_bn
_2rdamedia
338 _avolume
_bnc
_2rdacarrier
650 4 _aالامارات العربية المتحدة-تاريخ
_914449
999 _aA3855
_c7423
_d7423